| 000 | 00875nam a2200229 a 4500 | ||
|---|---|---|---|
| 001 | 000047284 | ||
| 005 | 20201002053520.0 | ||
| 008 | 180426s2017 dr a 000 0 spa d | ||
| 020 | _a9789945194784 | ||
| 040 |
_aDO-SdBNP _bspa _cBNPHU |
||
| 082 |
_axxx _bG643e 6to., 2017 |
||
| 100 | 1 |
_aGonzález Gutiérrez, Mirtha _965096 |
|
| 245 | 1 | 0 |
_aLengua española 6 : _beducación primaria / _cMirtha González Gutiérrez ; dirección editorial Claudia Llibre; ilustración Ruddy Núñez. |
| 250 | _a2a. ed. | ||
| 260 |
_aSanto Domingo, _c2017. |
||
| 300 |
_a207p. : _bil. ; _c29 cm. |
||
| 500 | _aActualización según el nuevo diseño curricular oficial | ||
| 500 | _ala biblioteca posee solamente Guía didáctica. Recursos didácticos para el docente | ||
| 590 | _aInventariado, 2018/MFF | ||
| 700 | 1 |
_aLlibre, Claudia _eed. _930462 |
|
| 700 | 1 |
_aNúñez, Ruddy, _eil. _923171 |
|
| 999 |
_c46772 _d46772 |
||